A-Z Video Game Characters - Statistics

General Stats
  • This quiz has been taken 1,781 times
  • The average score is 10 of 26
Answer Stats
Letter Hint Answer % Correct
M Plumber who rescues a princess on a regular basis. Mario
95%
H Famous wizard originally from JK Rowling's books. Harry Potter
91%
L Tomb Raider. Lara Croft
88%
B Grass type, original starter Pokémon. Bulbasaur
78%
T Skateboarding expert featuring in a series of self-titled games. Tony Hawk
77%
F Bouncing amphibian trying to cross a river. Frogger
62%
S Main character in the Metroid series. Samus
58%
N Main protagonist of the Uncharted series. Nathan Drake
52%
C Street Fighter character known for her rapid kicks. Chun-Li
51%
E Italian protagonist assassin. Ezio
47%
R Electricity using fighter from Mortal Kombat. Raiden
45%
Q Orange protagonist from a self-titled classic arcade game. Q*bert
39%
P Captain in the Modern Warfare series. Price
33%
G Silent protagonist of the Half-Life video game series. Gordon Freeman
27%
D Scottish bomber class in Team Fortress 2. Demoman
21%
W British robot helper from Portal 2. Wheatley
17%
J Green Hawk from Sonic Riders. Jet
15%
O Robotic tank hero from Overwatch. Orisa
15%
Z Deuteragonist of the Mega Man X series and protagonist of his own. Zero
15%
A White wolf who features in Ōkami and Marvel vs Capcom. Amaterasu
12%
K Main character and protagonist in the Yakuza series. Kiryu
12%
Y Friendly, smiling robot from Fallout: New Vegas. Yes Man
11%
I Keeper of the Velvet Room in the Persona series. Igor
10%
V Camera using operator from Rainbow Six Siege. Valkyrie
8%
U Pink bear from Animal Crossing. Ursala
2%
X Bladed weapons expert from Dead Island. Xian Mei
1%
No matching quizzes found
Score Distribution
Percent of People with Each Score
Percentile by Number Answered
Your Score History
You have not taken this quiz